Logos Famosas Cortadas - Statistics

Estatísticas Gerais
  • Esse quiz foi jogado 709 vezes
  • A pontuação média é 125 de 185
Estatísticas das Respostas
Imagem Resposta % Correto
Adidas
97%
Amazon
96%
Apple
95%
Android
94%
Batman
93%
Angry Birds
91%
BMW
91%
99
90%
Coca-Cola
90%
Colgate
90%
Disney
90%
Facebook
89%
Fanta
89%
Ford
88%
Barbie
87%
Bic
87%
Burger King
87%
Dove
87%
Google
87%
Instagram
87%
Bis
86%
Cartoon Network
86%
Globo
86%
Gmail
86%
Kit Kat
86%
M&M
86%
Netflix
86%
Nike
86%
Candy Crush
85%
Guaraná
85%
Lacoste
85%
Marvel
85%
McDonald's
85%
Monster
85%
Samsung
85%
YouTube
85%
Casas Bahia
84%
Domino's
84%
IFood
84%
Lego
84%
NASA
84%
Nutella
84%
Pepsi
84%
Puma
84%
TikTok
84%
Twitter
84%
Universal
84%
Carrefour
83%
Fila
83%
Garoto
83%
LoL/ League of Legends
83%
Minecraft
83%
Redbull
83%
Sony
83%
Sprite
83%
Star Wars
83%
Subway
83%
Whatsapp
83%
Duolingo
82%
Honda
82%
Minions
82%
Nescau
82%
Pacman
82%
PlayStation
82%
Snapchat
82%
Snickers
82%
Visa
82%
Microsoft
81%
Nintendo
81%
Spotify
81%
Wikipédia
81%
Xbox
81%
CNN
80%
FireFox
80%
Free Fire
80%
Mastercard
80%
Mercedes
80%
Pinterest
80%
Starbucks
80%
Super Mario
80%
Bob's
79%
KFC
79%
Nestle
79%
Nivea
79%
Playboy
79%
Play Store
79%
Toddy
79%
GTA
78%
Moça
78%
Pringles
78%
YaHoo
78%
Fortnite
77%
Lacta
77%
NBA
77%
Nokia
77%
Toyota
77%
Excel
76%
Levi's
76%
Olimpíadas
76%
Shopee
76%
Ferrari
75%
Giraffas
75%
Nickelodeon
75%
Telecine
75%
Tinder
75%
EA Sports
74%
HBO
74%
Pixar
74%
Gucci
73%
DreamWorks
72%
Faber Castell
72%
Warner Bros
72%
Kinder
71%
Rock in Rio
71%
Baton
70%
Monopoly
70%
Alpino
69%
Habib's
69%
Natura
69%
Ebay
68%
Galak
68%
Monster High
68%
Paramount
68%
Pizza Hut
67%
Twitch
67%
FedEx
66%
SEGA
66%
Twix
66%
Louis Vuitton
64%
Rexona
64%
Guitar Hero
63%
Jetpunk
63%
Mattel
63%
Squid Game
63%
Roblox
62%
Walmart
62%
Outback
61%
Toblerone
61%
Hershey's
60%
Lollo
60%
Steam
58%
Tacobell
55%
WoW / World of Warcraft
55%
Blizzard
52%
Skittles
52%
Dunkin'Donuts
51%
L.O.L Surprise
51%
DC / DC Comics
50%
Fifa
50%
Olympikus
49%
Uber
48%
Bugatti
47%
Meta
47%
Atari
46%
MrBeast
46%
StopotS
45%
Wendy's
44%
FNAF / Five Nights At Freddy's
43%
Capcom
42%
Target
42%
Ubisoft
39%
NBC
38%
Stardew Valley
37%
Suflair
35%
Beto Carrero
33%
Cinemax
33%
Undertale
32%
Huawei
31%
Quaker
29%
Friday Night Funkin
22%
Poppy Playtime
21%
RE 8 / Resident Evil Village
19%
Band-Aid
17%
BATIM / Bendy and the Ink Machine
16%
Devour
15%
Rovio
14%
Newgrounds
11%
Dairy Queen
10%
Jack in the Box
10%
Sanrio
8%
Jollibee
6%
Deltarune
5%
Deviantart
5%
Pfizer
5%
Mambo
2%
Nenhum quiz correspondente encontrado
Distribuição das Pontuações
Porcentagem de Pessoas com Cada Pontuação
Percentil de Números Respondidos
Sua Pontuação Histórica
Você não jogou esse quiz